| 000 | 00876nam a2200253Ia 4500 | ||
|---|---|---|---|
| 003 | OSt | ||
| 005 | 20260312123348.0 | ||
| 008 | 220923b |||||||| |||| 00| 0 eng d | ||
| 020 | _a0122824601 | ||
| 037 | _cGeneral Book | ||
| 040 |
_aRTL _cRTL _beng |
||
| 041 |
_2eng _aeng |
||
| 084 |
_aX:8N91 , M6 _qRTL |
||
| 100 |
_aGibson Jans Whitney _9314790 |
||
| 245 | 0 | _aOrganizational communication : A managerial perspective | |
| 260 |
_aNew York _bAcademic Press USA _c1986 |
||
| 300 |
_axiii , 418p. Name Index : 411-413 p. Subject Index : 415-418 p. _bIncludes bibliographical references and index |
||
| 500 | _aBib chapterwise | ||
| 650 | _aPublic Relation Management | ||
| 700 |
_aGibson Jans Whitney _eCo-Author _9314790 |
||
| 710 |
_a Hodgetts Richard M _eCo-Author _91131664 |
||
| 942 |
_hX:8N91 , M6 _cGB _2CC |
||
| 999 |
_c620790 _d620790 |
||